Managing peace and conflict : (Record no. 104984)

MARC details
000 -LEADER
fixed length control field 00664nam a22002057a 4500
005 - DATE AND TIME OF LATEST TRANSACTION
control field 20161206124146.0
010 ## - LCCN (DPL NO)
LC control number ENG-116750
020 ## - INTERNATIONAL STANDARD BOOK NUMBER
International Standard Book Number 9788184845105
Terms of availability 880.00
035 ## - SYSTEM CONTROL NUMBER
System control number EN-100282
037 ## - SOURCE OF ACQUISITION
Source of stock number/acquisition DBAD/PUB
082 ## - DEWEY DECIMAL CLASSIFICATION NUMBER
Classification number 303.66
245 ## - TITLE STATEMENT
Title Managing peace and conflict :
Statement of responsibility, etc by Johan Zechariah [and] John Chelladurai
Remainder of title current issues, violation [and] remedies /
260 ## - PUBLICATION, DISTRIBUTION, ETC. (IMPRINT)
Place of publication, distribution, etc New Delhi
Name of publisher, distributor, etc Regal Publications
Date of publication, distribution, etc 2016
270 ## - ADDRESS
Address F-159 Rajouri Garden
City New Delhi
Postal code 110027
300 ## - PHYSICAL DESCRIPTION
Extent xxv,183p.:
Dimensions 23cm(Hb)
Other physical details ill
500 ## - GENERAL NOTE
General note Includes index
700 ## - ADDED ENTRY--PERSONAL NAME
Personal name Zechariah,John
700 ## - ADDED ENTRY--PERSONAL NAME
Personal name Chelladurai,John
942 ## - ADDED ENTRY ELEMENTS (KOHA)
Source of classification or shelving scheme Dewey Decimal Classification
Item type English Books
Classification part 303.66
Call number suffix MAN
Holdings
Withdrawn status Lost status Not for loan Collection code Home library Current library Date acquired Source of acquisition Cost, normal purchase price Full call number Barcode Copy number Cost, replacement price Koha item type
      Non-fiction Central Jail Tihar Central Jail Tihar 06/12/2016 DBAD/PUB 880.00 303.66 MAN EN-100282 1 880.00 English Books

© Delhi Public Library
Hit Counter
free hit counter